书目信息 |
| 题名: |
五子棋初步
|
|
| 作者: | 坂田吾朗 著 ;张书 译 | |
| 分册: | ||
| 出版信息: | 北京 人民体育出版社 1999.03 |
|
| 页数: | 394页 | |
| 开本: | 19cm | |
| 丛书名: | 日本五子棋丛书 | |
| 单 册: | ||
| 中图分类: | G891.9 | |
| 科图分类: | ||
| 主题词: | 五子棋--普及读物 | |
| 电子资源: | ||
| ISBN: | 7-5009-1601-9 | |
| 000 | 00665nam0 2200229 45 | |
| 001 | 0311171693 | |
| 005 | 20031219104121.7 | |
| 010 | @a7-5009-1601-9@dCNY19.80 | |
| 100 | @a20031117d1999 km y0chiy0120 ea | |
| 101 | 0 | @achi@cjpn |
| 105 | @a z 000yy | |
| 200 | 1 | @a五子棋初步@AWu Zi Qi Chu Bu@f(日)坂田吾朗著@F(Ri)Ban Tian Wu Lang Zhu@g张书译 |
| 210 | @a北京@c人民体育出版社@d1999.03 | |
| 215 | @a394页@d19cm | |
| 225 | @a日本五子棋丛书 | |
| 410 | @12001 @a日本五子棋丛书 | |
| 606 | 0 | @a五子棋@x普及读物 |
| 690 | @aG891.9@v4 | |
| 701 | 0 | @a坂田吾朗@4著 |
| 702 | 0 | @a张书@AZhang Shu@4译 |
| 801 | @aCN@bTSTC@c20031117 | |
| 905 | @b328388-390@dG891.9@e173@f3 | |
| 五子棋初步/(日)坂田吾朗著/张书译.-北京:人民体育出版社,1999.03 |
| 394页;19cm.-(日本五子棋丛书) |
| ISBN 7-5009-1601-9:CNY19.80 |
| ● |
| 相关链接 |
|
|
|
|
正题名:五子棋初步
索取号:G891.9/173
 
预约/预借
| 序号 | 登录号 | 条形码 | 馆藏地/架位号 | 状态 | 备注 |
| 1 | 0328388 | 203283883 | 第四借阅区/ [索取号:G891.9/173] | 在馆 | |
| 2 | 0328389 | 203283892 | 第四借阅区/ [索取号:G891.9/173] | 在馆 | |
| 3 | 0328390 | 203283909 | 第一样本阅览室/ [索取号:G891.9/173] | 在馆 |